[Event "II Festival Santa Lucia-Gran Canaria 2014"]
[Site "C/Famara, 76-AA.VV. Ansite de Vecindario (Gran Can"]
[Date "2014.08.15"]
[Round "3"]
[Board "13"]
[White "Ramirez Maillo, Juan Adonay"]
[Black "Roca Marrero, Fernando"]
[Result "1-0"]
[WhiteElo "1728"]
[BlackElo "1465"]
[PlyCount "79"]
[EventDate "2014.08.14"]
[EventRounds "9"]
[EventCountry "ESP"]

1. e4 d6 2. d4 g6 3. Nc3 Bg7 4. Be3 Nf6 5. f3 Nbd7 6. Qd2 c5 7. Nge2 Qb6 8.
O-O-O Qa5 9. Kb1 b5 10. dxc5 b4 11. Nd5 Nxd5 12. Qxd5 Rb8 13. c6 Nc5 14. Bxc5
Be6 15. Bb6 Qxb6 16. Qd3 Qa5 17. Nc1 O-O 18. Nb3 Qa4 19. Qa6 Bxb3 20. cxb3 Qxa6
21. Bxa6 Rb6 22. Bb7 Bh6 23. Rd5 Be3 24. Ra5 e6 25. Rd1 Bc5 26. Rc1 Re8 27.
Rxa7 Rxc6 28. Bxc6 Bxa7 29. Bxe8 Bc5 30. Rxc5 dxc5 31. Kc2 Kf8 32. Bb5 Ke7 33.
Kd3 e5 34. Kc4 Kd6 35. Ba4 f5 36. a3 bxa3 37. bxa3 h5 38. Be8 g5 39. Bxh5 g4
40. Bxg4 1-0